000
00323nam a22001457a 4500
008
221212b ||||| |||| 00| 0 eng d
020
_a
80871631
041
_a
eng
080
_a
159.9
082
_a
159.9POW
100
_a
25
101
_a
PSI
245
_a
READINGS IN ADOLESCENT PSYCHOLOGY
_c
POWELL M
942
_2
udc
_c
BK
999
_c
59163
_d
59163